<?xml version="1.0" encoding="UTF-8"?>
<collection xmlns="http://www.loc.gov/MARC21/slim">
 <record>
  <leader>00620pamaa2200157   4500</leader>
  <controlfield tag="001">0000050619</controlfield>
  <controlfield tag="005">20120912090000.0</controlfield>
  <controlfield tag="008">120912s2010                             eng  </controlfield>
  <datafield tag="245" ind1="1" ind2="0">
   <subfield code="a">IET Generation, Transmission &amp; Distribution : </subfield>
   <subfield code="b">vol 4, no. 1-6, 2010.</subfield>
  </datafield>
  <datafield tag="260" ind1="0" ind2="0">
   <subfield code="a">Stevenage, UK: </subfield>
   <subfield code="b">Institution of Engineering and Technology, </subfield>
   <subfield code="c">2007-.</subfield>
  </datafield>
  <datafield tag="300" ind1=" " ind2=" ">
   <subfield code="a">v.: </subfield>
   <subfield code="b">ill.; </subfield>
   <subfield code="c">30 cm.</subfield>
  </datafield>
  <datafield tag="650" ind1="0" ind2="0">
   <subfield code="a">Electric power production -- </subfield>
   <subfield code="x">Periodicals </subfield>
  </datafield>
  <datafield tag="650" ind1="0" ind2="0">
   <subfield code="a">Electric power transmission -- </subfield>
   <subfield code="x">Periodicals </subfield>
  </datafield>
  <datafield tag="650" ind1="0" ind2="0">
   <subfield code="a">Electric power distribution -- </subfield>
   <subfield code="x">Periodicals </subfield>
  </datafield>
  <datafield tag="745" ind1="1" ind2="0">
   <subfield code="a">IET Generation, Transmission and Distribution</subfield>
  </datafield>
  <datafield tag="901" ind1=" " ind2=" ">
   <subfield code="u">www.ietdl.org</subfield>
  </datafield>
 </record>
</collection>
